Algunos periodistas y periódicos costarricenses del siglo XIX

Guardado en:
書目詳細資料
主要作者: Martén Rodríguez, Teodor
格式: 圖書
語言:Undetermined
出版: San José, Costa Rica Universidad de Costa Rica, Escuela de Filosofía 1969
主題:
標簽: 添加標簽
沒有標簽, 成為第一個標記此記錄!

MARC

LEADER 00000nam a2200000Ia 4500
008 170316s9999 xx 000 0 und d
999 |c 13850  |d 13850 
040 |a cru BVZT 
090 |a Tesis 235 
100 |a Martén Rodríguez, Teodor 
245 |a Algunos periodistas y periódicos costarricenses del siglo XIX 
260 |a San José, Costa Rica  |b Universidad de Costa Rica, Escuela de Filosofía  |c 1969 
300 |a 146 páginas 
650 |a LICENCIATURA EN FILOSOFÍA 
650 |a TRABAJO FINAL DE GRADUACIÓN  |9 237 
942 |c TFG  |h Tesis 235  |2 z